000 004440000a22001810004500
003 MACL
005 20150825132259.0
008 150825b xxu||||| |||| 00| 0 eng d
040 _aMACL
_cMACL
041 _aEnglish
082 _a700/JAN
100 _aJani, V.A.
_97313
245 _aRural Artisans and Modernization
260 _bIllustrated Books Publishers
_aJaipur
_c1994
350 _a195
650 _aArts
_97314
942 _cBK
_k700
_2ddc
999 _c3298
_d3298